| 000 | 00513nam a2200205Ia 4500 | ||
|---|---|---|---|
| 005 | 20250213001220.0 | ||
| 008 | 240331s9999 xx 000 0 und d | ||
| 020 | _a0415027640 | ||
| 082 |
_a302.234 _bKAP _23799 |
||
| 100 | _aKaplan, E. A | ||
| 245 | 0 |
_aWomen and Film: _bBoth Sides of the Camera |
|
| 260 |
_aNew York; _aLondon _bRoutledge _c1983 |
||
| 300 | _axii, 259 p., | ||
| 650 | _aFilm | ||
| 650 | _aWomen | ||
| 650 | _aFeminism | ||
| 650 | _aSexuality | ||
| 650 | _aFeminist Film Theory | ||
| 942 | _cL | ||
| 999 |
_c1169 _d1169 |
||